Reading American history

में बचाया:
ग्रंथसूची विवरण
मुख्य लेखक: eng,Albert L. Weeks
निगमित लेखकों: 428.64, W395
स्वरूप: पुस्तक
भाषा:Undetermined
प्रकाशित: 355p.
विषय:
टैग : टैग जोड़ें
कोई टैग नहीं, इस रिकॉर्ड को टैग करने वाले पहले व्यक्ति बनें!
Thư viện lưu trữ: Trung tâm Học liệu Trường Đại học Cần Thơ
LEADER 00389nam a2200145Ia 4500
001 CTU_411
008 210402s9999 xx 000 0 und d
100 |a eng,Albert L. Weeks 
110 |a 428.64 
110 |b W395 
245 0 |a Reading American history 
245 0 |c Albert L. Weeks 
260 |c 355p. 
650 |a Đọc hiểu 
980 |a Trung tâm Học liệu Trường Đại học Cần Thơ